000 005110000a22001810004500
003 LK-CoMWRAF
005 20231030120331.0
008 230817t1994 ||||| |||| 00| 0 eng d
020 _a9559062182
040 _aLK-CoMWRAF
_dLK-CoMWRAF
_eLK-CoMWRAF
041 _aeng
082 _a323.4
_bSRI
245 _aSri Lanka:
_bstate of human rights 1993
260 _aColombo:
_bLaw and society Trust,
_c1994
300 _aviii, 346p. : 22 cm
_bBibliography included
650 _aCIVIL RIGHTS-Sri Lanka
942 _cBK
999 _c2509
_d2509